Príčiny a dôsledky nerovností v príjmoch a bohatstve záverečná správa o riešení projektu : projekt - interný grant Ekonomickej univerzity v Bratislave pre mladých učiteľov, vedeckých pracovníkov a doktorandov v dennej forme štúdia č. I-14-107-00 : rok riešenia projektu 2014

Saved in:
Bibliographic Details
Main Author: Martinák, Dávid
Corporate Author: Národohospodárska fakulta EU. Katedra ekonómie
Other Authors: Kubala, Jozef, Petríková, Kristína, Štikarová, Soňa, Nežinský, Eduard, 1972-, Hošoff, Boris
Format: Book
Language:Slovak
Published: Bratislava 2015
Subjects:
Tags: Add Tag
No Tags, Be the first to tag this record!

MARC

LEADER 00000nam a2200000 4500
001 0213060
005 20240716090658.8
041 0 |a slo 
044 |a SK 
245 1 0 |a Príčiny a dôsledky nerovností v príjmoch a bohatstve  |b záverečná správa o riešení projektu : projekt - interný grant Ekonomickej univerzity v Bratislave pre mladých učiteľov, vedeckých pracovníkov a doktorandov v dennej forme štúdia č. I-14-107-00 : rok riešenia projektu 2014  |c zodpovedný riešiteľ: Dávid Martinák, spoluriešitelia: Jozef Kubala, Kristína Petríková, Soňa Štikarová ; oponenti: Eduard Nežinský, Boris Hošoff 
264 1 |a Bratislava  |c 2015 
300 |a [6 s.]  |e 4 príl. 
610 2 0 |a nerovnosť dôchodková 
610 2 0 |a bohatstvo 
610 2 0 |a výkonnosť ekonomiky 
610 2 0 |a Európska únia 
100 1 |a Martinák, Dávid 
700 1 |a Kubala, Jozef 
700 1 |a Petríková, Kristína 
700 1 |a Štikarová, Soňa 
700 1 |a Nežinský, Eduard, 1972- 
700 1 |a Hošoff, Boris 
710 2 |a Národohospodárska fakulta EU. Katedra ekonómie